| 000 | 00426nam a2200145Ia 4500 | ||
|---|---|---|---|
| 008 | 221007s9999 xx 000 0 und d | ||
| 041 | _aeng | ||
| 082 | _bRAS | ||
| 100 |
_aRaskar Ankita - 2k151106; Geeta Jadhav - Guide & Tata Consultancy Services _9105108 |
||
| 245 | _aEmployer Branding For Campus Applicants | ||
| 260 |
_c2015 _bSavitribai Phule Pune University _aPune |
||
| 300 | _a38p | ||
| 440 | _v1 | ||
| 906 | _bGeneral | ||
| 999 |
_c80008 _d80008 |
||